01370nam a2200277 a 4500001001000000005001700010008004100027041000800068044000700076084002000083100004500103245008700148260003600235300002200271500028800293500006900581500011000650500001000760546002500770650005200795650005600847650003400903650004500937700006000982740005001042BRCA_301620190320204054.0200109s1735----ne-a---###---#000-0#fre-u afre afr a333b.H86c17351 aCervantes Saavedra, Miguel ded1547-161610aHistoire de l´Admirable Don Quichotte de la ManchacMiguel de Cervantes Saavedra. aAmsterdambPierre Humbertc1735 a6 v.bil.c13 cm. aContenido : v 1. Primera parte. Dedicatoria. Advertencia del traductor. Texto. -- v 2. Texto. -- v 3. Segunda parte. Texto. -- v 4. Texto. -- v 5. Primera parte de la continuación del Quijote por el traductor. -- v 6. Senguda parte de la continuación del Quijote por su traductor aEdición : Nouvelle edition revueé corrigieé et augmentée aCopia de la ediciçon de 1715=19, impresa en Amsterdam, por los hermanos Wetstein. Piel Lúdovik Osterc aQM261 aTexto en : francés14aNovela españolayÉpoca clásica, 1500-170014aLiteratura españolayÉpoca clásica, 1500-170014aNovela españolaySiglo XVII14aDon Quijote (Personaje ficticio)eNovela1 aSaint-Martin, Francois Filleau ded1632-1695eTraductor0 aEl Ingenioso Hidalgo Don Quijote de la Mancha